000 00644nam a2200181Ia 4500
003 GCL
008 140319s9999 xx 000 0 ara d
040 _aGCL /
_cGCL
082 0 4 _a551
_bا ج
100 1 _aابراهيم على لمبيدو
245 1 0 _aالجيولوجيا الهندسية والخرائط الجيولوجية ط7 /
_cابراهيم على لمبيدو
260 _a[S.N] :
_bمنشاة المعارف الاسلامية ،
_c1991
300 _a392 ص
490 _aمجموعة الكتب الهندسية
_v0
650 0 4 _aالجيولوجيا
650 0 4 _aالجيولوجيا الهندسية
942 _2ddc
_cBK
999 _c52619
_d52619